Tems Charting Songs (Billboard Hot Rap / R&B) - Statistics

General Stats
  • This quiz has been taken 23 times
    22 since last reset
  • The average score is 3 of 5
Answer Stats
Album Weeks On Peak Artist(s) Song % Correct
Made In Lagos 27 Weeks #3 Wizkid ft. Justin Bieber & Tems Essence
83%
Certified Lover Boy 3 Weeks #18 Drake ft. Tems Fountains
78%
For Broken Ears 26 Weeks #12 Tems Free Mind
72%
I NEVER LIKED YOU 27 Weeks #1 Future ft. Drake & Tems WAIT FOR U
67%
Renaissance 1 Week #22 Beyonce ft. Grace Jones & Tems MOVE
28%
No matching quizzes found
Score Distribution
Percent of People with Each Score
Percentile by Number Answered
Your Score History
You have not taken this quiz since the last reset